<?xml version="1.0" encoding="UTF-8"?>
<record
    xmlns:xsi="http://www.w3.org/2001/XMLSchema-instance"
    xsi:schemaLocation="http://www.loc.gov/MARC21/slim http://www.loc.gov/standards/marcxml/schema/MARC21slim.xsd"
    xmlns="http://www.loc.gov/MARC21/slim">

  <leader>00886nam a2200265 i 4500</leader>
  <controlfield tag="003">OSt</controlfield>
  <controlfield tag="005">20171120123527.0</controlfield>
  <controlfield tag="008">17    s201705  spc||||  |||| 0|0 0 spa|d</controlfield>
  <datafield tag="017" ind1=" " ind2=" ">
    <subfield code="a">DL B 6963-2017</subfield>
    <subfield code="b">Biblioteca de Catalunya</subfield>
  </datafield>
  <datafield tag="020" ind1=" " ind2=" ">
    <subfield code="a">978849942044</subfield>
  </datafield>
  <datafield tag="040" ind1=" " ind2=" ">
    <subfield code="a">ES-BaBC</subfield>
    <subfield code="b">cat</subfield>
    <subfield code="c">CDMR</subfield>
  </datafield>
  <datafield tag="100" ind1="1" ind2=" ">
    <subfield code="a">Vilar&#xF3;, Ramon,</subfield>
    <subfield code="d">1945-</subfield>
  </datafield>
  <datafield tag="245" ind1="1" ind2="0">
    <subfield code="a">Mabuhay </subfield>
    <subfield code="b">: Bienvenidos a Filipinas /</subfield>
    <subfield code="c">Ramon Vilar&#xF3;</subfield>
  </datafield>
  <datafield tag="246" ind1="3" ind2="1">
    <subfield code="a">Bienvenidos a Filipinas</subfield>
  </datafield>
  <datafield tag="250" ind1=" " ind2=" ">
    <subfield code="a">Primera edici&#xF3;n</subfield>
  </datafield>
  <datafield tag="260" ind1=" " ind2=" ">
    <subfield code="a">Barcelona :</subfield>
    <subfield code="b">Pen&#xED;nsula</subfield>
    <subfield code="c">mayo de 2017</subfield>
  </datafield>
  <datafield tag="300" ind1=" " ind2=" ">
    <subfield code="a">268 p&#xE0;gines, 12 p&#xE0;gines de l&#xE0;mines :</subfield>
    <subfield code="b">il&#xB7;lustracions en color ;</subfield>
    <subfield code="c">23 cm</subfield>
  </datafield>
  <datafield tag="504" ind1=" " ind2=" ">
    <subfield code="a">Bibliografia</subfield>
  </datafield>
  <datafield tag="505" ind1=" " ind2=" ">
    <subfield code="a">Cont&#xE9; dedicat&#xF2;ria firmada per l'autor de l'obra.</subfield>
  </datafield>
  <datafield tag="650" ind1=" " ind2="7">
    <subfield code="a">Filipines</subfield>
    <subfield code="x">Descripcions i viatges</subfield>
    <subfield code="2">lemac</subfield>
  </datafield>
  <datafield tag="650" ind1=" " ind2="4">
    <subfield code="a">Periodistes catalans</subfield>
    <subfield code="9">3139</subfield>
    <subfield code="v">Biografia</subfield>
  </datafield>
  <datafield tag="650" ind1="0" ind2="4">
    <subfield code="a">Reportatges literaris</subfield>
    <subfield code="9">797</subfield>
  </datafield>
  <datafield tag="940" ind1=" " ind2=" ">
    <subfield code="a">BC</subfield>
  </datafield>
  <datafield tag="942" ind1=" " ind2=" ">
    <subfield code="c">MON</subfield>
  </datafield>
  <datafield tag="999" ind1=" " ind2=" ">
    <subfield code="c">7081</subfield>
    <subfield code="d">7081</subfield>
  </datafield>
  <datafield tag="952" ind1=" " ind2=" ">
    <subfield code="0">0</subfield>
    <subfield code="1">0</subfield>
    <subfield code="4">0</subfield>
    <subfield code="7">0</subfield>
    <subfield code="a">CDMR</subfield>
    <subfield code="b">CDMR</subfield>
    <subfield code="d">2017-11-20</subfield>
    <subfield code="e">Intercanvi</subfield>
    <subfield code="g">17.95</subfield>
    <subfield code="l">0</subfield>
    <subfield code="o">Du 1/119</subfield>
    <subfield code="p">CDMR17111262</subfield>
    <subfield code="r">2017-11-20</subfield>
    <subfield code="v">17.95</subfield>
    <subfield code="w">2017-11-20</subfield>
    <subfield code="y">MON</subfield>
  </datafield>
</record>
